书目信息 |
| 题名: |
谋略一本经 : 鬼谷子
|
|
| 作者: | 东篱子 编著 | |
| 分册: | ||
| 出版信息: |
|
|
| 页数: | 257页 | |
| 开本: | 20cm | |
| 丛书名: | ||
| 单 册: | ||
| 中图分类: | B228 | |
| 科图分类: | ||
| 主题词: | 先秦哲学 | |
| 电子资源: | ||
| ISBN: | 7-5113-0664-0 | |
| 000 | 00504nam0 2200169 450 | |
| 001 | 1558795756 | |
| 005 | 20150617162148.21 | |
| 010 | @a7-5113-0664-0@dCNY34.00 | |
| 100 | @a20150617d km y0chiy0120 ea | |
| 101 | 0 | @achi |
| 200 | 1 | @a谋略一本经 : 鬼谷子@Amou lue yi ben jing:gui gu zi@f东篱子编著@Fdong li zi bian zhu |
| 215 | @a257页@d20cm | |
| 606 | 0 | @a先秦哲学 |
| 690 | @aB228@v4 | |
| 701 | 0 | @a东篱子@Adong li zi@4编著 |
| 801 | 0 | @aCN@b大连网信软件有限公司图书馆·11@c20150617 |
| 905 | @aZUCC@dB228@eD664 | |
| 谋略一本经 : 鬼谷子/东篱子编著 |
| 257页;20cm |
| ISBN 7-5113-0664-0:CNY34.00 |
| ● |
| 相关链接 |
|
|
|
正题名:谋略一本经 : 鬼谷子
索取号:B228/D664
 
预约/预借
| 序号 | 登录号 | 条形码 | 馆藏地/架位号 | 状态 | 备注 |
| 1 | 497146 | 204971469 | 社科库509/509社科库 14排2列2层/ [索取号:B228/D664] | 在馆 |